Normal view
MARC view
- توفيق، محب خلة
Entry Personal Name
001 - CONTROL NUMBER
- control field: 34010
003 - CONTROL NUMBER IDENTIFIER
- control field: JO-AjAnu
005 - DATE AND TIME OF LATEST TRANSACTION
- control field: 20230606075712.0
008 - FIXED-LENGTH DATA ELEMENTS
- fixed length control field: 230606|| aca||aabn | a|a d
040 ## - CATALOGING SOURCE
- Original cataloging agency: JO-AjAnu
- Transcribing agency: JO-AjAnu
100 ## - HEADING--PERSONAL NAME
- Personal name: توفيق، محب خلة
670 ## - SOURCE DATA FOUND
- Source citation: Work cat.: (JO-AjAnu)17468: توفيق، محب خلة, author, الهندسة المالية: الاطار النظري والتطبيقي لانشطة التمويل والاستثمار